| 000 | 00904nam a2200241Ia 4500 | ||
|---|---|---|---|
| 005 | 20240530110944.0 | ||
| 008 | 140319s2021 ua a f 000 0 ara d | ||
| 017 |
_a2021/10517 _bمصر. دار الكتب |
||
| 020 | _a9789776840706 | ||
| 040 |
_aGCL / _cGCL |
||
| 082 | 0 | 4 |
_221 _a006.3 _bهـ م |
| 100 | 0 | _aهيثم السيد | |
| 245 | 1 | 2 |
_aالمنطق والذكاء الاصطناعى : _bدراسة فى منهجية التطبيق / _cهيثم السيد |
| 250 | _aط. 1 | ||
| 260 |
_aالاسكندرية : _bدار الوفاء لدنيا الطباعة و النشر، _c2021. |
||
| 300 |
_a276 ص. : _bايض ؛ _c24 سم. |
||
| 490 | 0 |
_aسلسلة المنطق التطبيقى العربى ؛ _v1 |
|
| 650 | 0 | 7 | _aالمنطق |
| 650 | 0 | 7 | _aالذكاء الاصطناعى |
| 650 | 0 | 7 | _aلغة برولوج |
| 942 |
_2ddc _cBK |
||
| 999 |
_c66878 _d66878 |
||